[Event "Leipzig VfB op 25th"]
[Site "Leipzig"]
[Date "2018.03.23"]
[Round "6"]
[White "Schaefer, Konstantin"]
[Black "Bronn, Gottfried"]
[Result "0-1"]
[WhiteElo "1418"]
[BlackElo "1868"]
[PlyCount "126"]
[EventDate "2018.03.20"]
[EventType "swiss"]
[EventRounds "9"]
[EventCountry "GER"]
[SourceTitle "CBM 183 Extra"]
[Source "ChessBase"]
[SourceDate "2018.04.19"]
[SourceVersion "1"]
[SourceVersionDate "2018.04.19"]
[SourceQuality "1"]

1. e4 e6 2. d4 d5 3. Nc3 dxe4 4. Nxe4 Bd7 5. Bd3 Bc6 6. c3 Nd7 7. Bg5 Be7 8. Bxe7 Qxe7 9. Nf3 Ngf6 10. Nxf6+ gxf6 11. Qe2 0-0-0 12. Bb5 Bxb5 13. Qxb5 Rhg8 14. Rg1 f5 15. 0-0-0 Nf6 16. Ne5 Ne4 17. f3 Nd6 18. Qa5 a6 19. Qb4 Qe8 20. c4 f6 21. Nd3 Qc6 22. Nc5 Rge8 23. Rge1 e5 24. d5 Qb6 25. Qxb6 cxb6 26. Ne6 Rd7 27. b3 Nf7 28. Kc2 Nd8 29. Nxd8 Rexd8 30. Re2 Kc7 31. Kc3 Kd6 32. a4 Rc7 33. Rc1 Rdc8 34. Kd3 f4 35. Rec2 Rg7 36. b4 Rgc7 37. Rc3 b5 38. axb5 axb5 39. c5+ Kxd5 40. Ra1 Kc6 41. Ke4 Rd7 42. Kf5 Rd2 43. Kxf6 Rb2 44. Kxe5 Rxb4 45. Rac1 Rf8 46. R3c2 Rb3 47. Rc3 Rxc3 48. Rxc3 b4 49. Rc2 Kb5 50. Kd4 Rd8+ 51. Ke4 b3 52. Rb2 Kb4 53. Kxf4 Kc3 54. Rb1 Kc2 55. Ra1 b2 56. Ra2 Kc1 57. Rxb2 Kxb2 58. Kg5 Rg8+ 59. Kh5 Rxg2 60. h4 Kc3 61. f4 Kd4 62. Kh6 Rg4 63. h5 Rxf4 0-1

[Event "Leipzig VfB op 21st"]
[Site "Leipzig"]
[Date "2014.03.08"]
[Round "8"]
[White "Bronn, Gottfried"]
[Black "Weigert, Wilhelm"]
[Result "0-1"]
[WhiteElo "1914"]
[BlackElo "2047"]
[PlyCount "110"]
[EventDate "2014.03.04"]
[EventType "tourn"]
[EventRounds "9"]
[EventCountry "GER"]
[SourceTitle "CBM 159 Extra"]
[Source "ChessBase"]
[SourceDate "2014.04.24"]
[SourceVersion "1"]
[SourceVersionDate "2014.04.24"]
[SourceQuality "1"]

1. d4 Nf6 2. c4 c5 3. d5 b5 4. cxb5 a6 5. bxa6 Bxa6 6. Nc3 d6 7. e4 Bxf1 8. Kxf1 g6 9. f3 Bg7 10. Nge2 Nbd7 11. a4 0-0 12. b3 Ne8 13. Rb1 Nc7 14. Bd2 f5 15. exf5 Rxf5 16. Kf2 Nxd5 17. g4 Nxc3 18. Bxc3 Rf7 19. Bxg7 Kxg7 20. Rf1 Ne5 21. Kg3 Qd7 22. h3 Raf8 23. Ng1 Rf4 24. Qd2 d5 25. Qxf4 Rxf4 26. Kxf4 Qd6 27. Kg3 Nd3+ 28. f4 Nxf4 29. Rxf4 g5 30. Ne2 gxf4+ 31. Nxf4 e5 32. Nh5+ Kg8 33. Rf1 e4+ 34. Kg2 h6 35. Rf5 Kh8 36. Rf6 Qe5 37. Rxh6+ Kg8 38. Rg6+ Kf8 39. Rf6+ Ke7 40. Rf2 e3 41. Re2 Qe4+ 42. Kg3 d4 43. Nf4 Kf6 44. h4 Ke5 45. Ng2 Qd3 46. Kf3 Qxb3 47. Nxe3 Kf6 48. Kf4 dxe3 49. Rxe3 Qxa4+ 50. Re4 Qa2 51. g5+ Kg6 52. Ke5 Qf7 53. Kd6 c4 54. Re5 c3 55. h5+ Kxh5 0-1

[Event "Leipzig VfB op 20th"]
[Site "Leipzig"]
[Date "2013.03.07"]
[Round "5"]
[White "Bronn, Gottfried"]
[Black "Pruefer, Friedbert"]
[Result "0-1"]
[WhiteElo "1899"]
[BlackElo "2154"]
[PlyCount "28"]
[EventDate "2013.03.05"]
[EventType "swiss"]
[EventRounds "9"]
[EventCountry "GER"]
[SourceTitle "EXT 2014"]
[Source "ChessBase"]
[SourceDate "2013.11.20"]
[SourceVersion "1"]
[SourceVersionDate "2013.11.20"]
[SourceQuality "1"]

1. d4 Nf6 2. Bg5 d5 3. Bxf6 exf6 4. Nc3 c6 5. e4 dxe4 6. Nxe4 f5 7. Ng3 Bd6 8. Nf3 0-0 9. Qd2 Re8+ 10. Ne2 Nd7 11. 0-0-0 Nf6 12. Nc3 Ne4 13. Nxe4 fxe4 14. Ng5 e3 0-1

[Event "Leipzig VfB op 20th"]
[Site "Leipzig"]
[Date "2013.03.07"]
[Round "4"]
[White "Richter, Steffen"]
[Black "Bronn, Gottfried"]
[Result "1/2-1/2"]
[WhiteElo "2026"]
[BlackElo "1899"]
[PlyCount "112"]
[EventDate "2013.03.05"]
[EventType "swiss"]
[EventRounds "9"]
[EventCountry "GER"]
[SourceTitle "EXT 2014"]
[Source "ChessBase"]
[SourceDate "2013.11.20"]
[SourceVersion "1"]
[SourceVersionDate "2013.11.20"]
[SourceQuality "1"]

1. e4 d5 2. exd5 Qxd5 3. Nc3 Qa5 4. d4 c6 5. Nf3 Nf6 6. Ne5 Bf5 7. h3 Nbd7 8. Nc4 Qc7 9. g4 Be4 10. Nxe4 Nxe4 11. Bg2 Nef6 12. Qf3 Nd5 13. Bd2 e6 14. 0-0-0 Be7 15. Kb1 0-0 16. Rhe1 a5 17. Ne5 Nxe5 18. dxe5 Rfd8 19. c4 Nb4 20. Bc3 Qb6 21. a3 Na6 22. Bd2 Nc5 23. Be3 Qc7 24. Bd4 Nd7 25. Qe3 Rab8 26. c5 b6 27. cxb6 Nxb6 28. Bxb6 Rxb6 29. Rxd8+ Qxd8 30. Qc3 c5 31. Rc1 f6 32. f4 g5 33. Bf3 gxf4 34. Rd1 Qc7 35. exf6 Bd6 36. Re1 Kf7 37. g5 a4 38. Bh5+ Kf8 39. f7 e5 40. Qc4 Qe7 41. Qd5 c4 42. h4 c3 43. Re2 Kg7 44. Rc2 Rxb2+ 45. Rxb2 cxb2 46. Qa8 Qf8 47. Qxa4 Qc8 48. Kxb2 Qb7+ 49. Kc3 Qc8+ 50. Kd2 Qe6 51. Qe8 Qa2+ 52. Ke1 Qb1+ 53. Bd1 Qe4+ 54. Be2 Qh1+ 55. Kd2 Qd5+ 56. Ke1 Qxf7 1/2-1/2

[Event "Leipzig VfB op 19th"]
[Site "Leipzig"]
[Date "2012.03.10"]
[Round "7"]
[White "Bronn, Gottfried"]
[Black "Just, Wolfgang"]
[Result "1-0"]
[WhiteElo "1905"]
[BlackElo "2190"]
[PlyCount "111"]
[EventDate "2012.03.06"]
[EventType "swiss"]
[EventRounds "9"]
[EventCountry "GER"]
[SourceTitle "CBM 147 Extra"]
[Source "ChessBase"]
[SourceDate "2012.04.24"]
[SourceVersion "1"]
[SourceVersionDate "2012.04.24"]
[SourceQuality "1"]

1. d4 e6 2. Nf3 b6 3. g3 Bb7 4. Bg2 f5 5. c4 Bb4+ 6. Bd2 Bxd2+ 7. Qxd2 Nf6 8. d5 Ne4 9. Qd4 0-0 10. Nbd2 Nxd2 11. Nxd2 Na6 12. a3 Qf6 13. Qxf6 gxf6 14. 0-0-0 e5 15. Bh3 d6 16. Bxf5 Bc8 17. Bc2 Bg4 18. Rde1 Nc5 19. h3 Bh5 20. h4 a5 21. g4 Bg6 22. f4 exf4 23. Rhf1 Rae8 24. Rxf4 Re3 25. Nf1 Rh3 26. h5 Bxc2 27. Kxc2 Re8 28. e3 Kg7 29. b4 axb4 30. axb4 Nd7 31. Ra1 Ne5 32. Ra7 Re7 33. c5 bxc5 34. bxc5 Nf7 35. Kd3 dxc5 36. Ke2 Nd6 37. Kf2 h6 38. Kg2 Rh4 39. Kg3 Rh1 40. Kg2 Rh4 41. Nh2 Nc8 42. Ra3 f5 43. Kg3 Rxh2 44. Kxh2 fxg4 45. Kg3 Re5 46. Kxg4 Rg5+ 47. Kh4 Rxd5 48. e4 Rg5 49. Rg3 Rxg3 50. Kxg3 Ne7 51. e5 Nd5 52. Rg4+ Kf7 53. Rg6 c4 54. Rxh6 c3 55. Rc6 Kg7 56. Kh4 1-0

[Event "Leipzig VfB op 19th"]
[Site "Leipzig"]
[Date "2012.03.07"]
[Round "3"]
[White "Gross, Reinhard"]
[Black "Bronn, Gottfried"]
[Result "0-1"]
[WhiteElo "1443"]
[BlackElo "1905"]
[PlyCount "86"]
[EventDate "2012.03.06"]
[EventType "swiss"]
[EventRounds "9"]
[EventCountry "GER"]
[SourceTitle "CBM 147 Extra"]
[Source "ChessBase"]
[SourceDate "2012.04.24"]
[SourceVersion "1"]
[SourceVersionDate "2012.04.24"]
[SourceQuality "1"]

1. Nc3 d5 2. e4 dxe4 3. Nxe4 Qd5 4. Nc3 Qa5 5. d4 Nf6 6. Bd2 Bf5 7. b4 Qb6 8. Nf3 e6 9. Na4 Qd6 10. c4 Be7 11. c5 Qd8 12. Bb5+ c6 13. Be2 0-0 14. 0-0 Nd5 15. a3 Nd7 16. Nc3 N7f6 17. Nxd5 Nxd5 18. Bc4 b6 19. Ne5 Rc8 20. Qf3 f6 21. Nd3 Qd7 22. Bxd5 cxd5 23. Rfc1 Bxd3 24. Qxd3 e5 25. cxb6 axb6 26. Rxc8 Rxc8 27. Rc1 Rxc1+ 28. Bxc1 Qc6 29. Be3 e4 30. Qd2 Qc4 31. Qc1 b5 32. g3 Kf7 33. Qb2 g5 34. Bd2 h6 35. Qc3 f5 36. Qxc4 dxc4 37. Kf1 Ke6 38. Ke2 Kd5 39. Bc3 Bd6 40. f3 h5 41. Bb2 f4 42. fxe4+ Kxe4 43. gxf4 gxf4 0-1

[Event "Leipzig VfB op 18th"]
[Site "Leipzig"]
[Date "2011.03.22"]
[Round "1"]
[White "Bronn, Gottfried"]
[Black "Ziese, Gerhard"]
[Result "0-1"]
[WhiteElo "1712"]
[BlackElo "2052"]
[PlyCount "102"]
[EventDate "2011.03.20"]
[EventType "swiss"]
[EventRounds "9"]
[EventCountry "GER"]
[SourceTitle "CBM 141 Extra"]
[Source "ChessBase"]
[SourceDate "2011.05.03"]
[SourceVersion "1"]
[SourceVersionDate "2011.05.03"]
[SourceQuality "1"]

1. d4 Nf6 2. Nf3 c5 3. g3 g6 4. Bg2 Bg7 5. 0-0 cxd4 6. Nxd4 Nc6 7. c3 0-0 8. Na3 Nxd4 9. Qxd4 d6 10. Rd1 a6 11. h3 Qc7 12. Be3 Bd7 13. Qd2 Bc6 14. Bh6 Bxg2 15. Kxg2 Rac8 16. Bxg7 Kxg7 17. f3 Qb6 18. Rab1 Rfd8 19. Nc2 d5 20. Ne3 e5 21. Ng4 Nxg4 22. hxg4 h6 23. Rh1 g5 24. f4 exf4 25. gxf4 d4 26. c4 Qe6 27. Rbg1 Rxc4 28. fxg5 Qd5+ 29. Kh2 Qxg5 30. Qd3 Rc6 31. Rg3 Re6 32. Rd1 Qe5 33. e3 Red6 34. e4 Re8 35. Re1 Ree6 36. Kh3 Qa5 37. Rd1 Qxa2 38. Qe2 b5 39. Rgd3 Qc4 40. b3 Qc5 41. b4 Qe5 42. Re1 Rc6 43. Rf3 Rc3 44. Kg2 Rg6 45. Kh3 h5 46. Rxc3 hxg4+ 47. Kg2 dxc3 48. Rf1 Rh6 49. Kg1 Qg3+ 50. Qg2 Qxg2+ 51. Kxg2 Re6 0-1